[Event "msr2025c12"]
[Site "?"]
[Date "2025.05.11"]
[Round "1.21"]
[White "Kucak, Filip"]
[Black "Karpac, Matej"]
[Result "1-0"]
[BlackElo "1000"]
[WhiteElo "1541"]
[LiveChessVersion "1.4.8"]

1. e4 {[%clk 1:30:56]} e5 {[%clk 1:30:46]} 2. Nf3 {[%clk 1:31:19]} Nc6
{[%clk 1:30:57]} 3. Nc3 {[%clk 1:30:37]} Bc5 {[%clk 1:31:12]} 4. Bc4
{[%clk 1:30:37]} d6 {[%clk 1:31:05]} 5. d3 {[%clk 1:30:43]} Bg4 {[%clk 1:30:51]}
6. h3 {[%clk 1:30:59]} Bxf3 {[%clk 1:30:49]} 7. Qxf3 {[%clk 1:31:15]} Nf6
{[%clk 1:30:25]} 8. Bg5 {[%clk 1:31:15]} Nd4 {[%clk 1:29:49]} 9. Qd1
{[%clk 1:30:45]} O-O {[%clk 1:29:49]} 10. Nd5 {[%clk 1:30:16]} b5
{[%clk 1:28:39]} 11. Nxf6+ {[%clk 1:29:51]} gxf6 {[%clk 1:28:34]} 12. Bh6
{[%clk 1:30:04]} Re8 {[%clk 1:28:07]} 13. Qg4+ {[%clk 1:30:20]} Kh8
{[%clk 1:27:28]} 14. Qg7# {[%clk 1:30:36]} 1-0

[Event "msr2025c12"]
[Site "?"]
[Date "2025.05.11"]
[Round "1.22"]
[White "Knechta, Branislav"]
[Black "Mitter, Alex"]
[Result "0-1"]
[BlackElo "1540"]
[WhiteElo "1000"]
[LiveChessVersion "1.4.8"]

1. e4 {[%clk 1:30:57]} e6 {[%clk 1:30:48]} 2. Nf3 {[%clk 1:31:12]} d5
{[%clk 1:31:06]} 3. exd5 {[%clk 1:30:58]} exd5 {[%clk 1:31:24]} 4. Be2
{[%clk 1:30:56]} Nf6 {[%clk 1:31:15]} 5. O-O {[%clk 1:31:06]} Bd6
{[%clk 1:31:06]} 6. d3 {[%clk 1:30:51]} O-O {[%clk 1:31:17]} 7. Bg5
{[%clk 1:31:03]} Bg4 {[%clk 1:31:21]} 8. Nc3 {[%clk 1:30:56]} c6 {[%clk 1:31:35]}
9. Nd4 {[%clk 1:30:39]} Bxe2 {[%clk 1:31:17]} 10. Qxe2 {[%clk 1:30:42]} h6
{[%clk 1:31:14]} 11. Bxf6 {[%clk 1:30:02]} Qxf6 {[%clk 1:31:23]} 12. Nf3
{[%clk 1:29:40]} Nd7 {[%clk 1:31:17]} 13. Rae1 {[%clk 1:28:53]} Rfe8
{[%clk 1:30:26]} 14. Qd2 {[%clk 1:28:24]} Ne5 {[%clk 1:28:25]} 15. Nxe5
{[%clk 1:28:19]} Bxe5 {[%clk 1:28:47]} 16. f4 {[%clk 1:28:00]} Bd4+
{[%clk 1:24:33]} 17. Kh1 {[%clk 1:27:35]} Bxc3 {[%clk 1:24:59]} 18. Rxe8+
{[%clk 1:27:39]} Rxe8 {[%clk 1:25:18]} 19. Qxc3 {[%clk 1:27:46]} Qxc3
{[%clk 1:25:27]} 20. bxc3 {[%clk 1:28:02]} Re2 {[%clk 1:25:31]} 21. Rc1
{[%clk 1:27:53]} Rf2 {[%clk 1:23:08]} 22. g3 {[%clk 1:28:01]} Kf8
{[%clk 1:23:31]} 23. Kg1 {[%clk 1:28:17]} Re2 {[%clk 1:23:49]} 24. h4
{[%clk 1:28:29]} g6 {[%clk 1:22:58]} 25. Kf1 {[%clk 1:28:38]} Rh2
{[%clk 1:23:18]} 26. Kg1 {[%clk 1:28:58]} Re2 {[%clk 1:22:57]} 27. Kf1
{[%clk 1:29:14]} Re6 {[%clk 1:22:52]} 28. Kf2 {[%clk 1:29:25]} f5
{[%clk 1:22:27]} 29. c4 {[%clk 1:29:29]} dxc4 {[%clk 1:22:30]} 30. dxc4
{[%clk 1:29:35]} Re4 {[%clk 1:22:41]} 31. Kf3 {[%clk 1:29:56]} Rxc4
{[%clk 1:22:58]} 32. g4 {[%clk 1:29:50]} Rc3+ {[%clk 1:23:09]} 33. Kg2
{[%clk 1:29:45]} fxg4 {[%clk 1:23:28]} 34. Kf2 {[%clk 1:28:40]} Rf3+
{[%clk 1:22:31]} 35. Kg2 {[%clk 1:28:58]} Rxf4 {[%clk 1:22:41]} 36. Kg3
{[%clk 1:28:52]} Ra4 {[%clk 1:22:28]} 37. Rf1+ {[%clk 1:28:42]} Kg7
{[%clk 1:22:19]} 38. Rb1 {[%clk 1:28:39]} b6 {[%clk 1:22:05]} 39. Rb2
{[%clk 1:28:50]} h5 {[%clk 1:22:17]} 40. c3 {[%clk 1:29:04]} Rc4 {[%clk 1:22:29]}
41. Rb3 {[%clk 1:29:25]} Ra4 {[%clk 1:22:13]} 42. a3 {[%clk 1:29:45]} c5
{[%clk 1:22:09]} 0-1

[Event "msr2025c12"]
[Site "?"]
[Date "2025.05.11"]
[Round "1.23"]
[White "Sipos, Aron"]
[Black "Kuchar, Viliam"]
[Result "1-0"]
[BlackElo "1000"]
[WhiteElo "1533"]
[LiveChessVersion "1.4.8"]

1. d4 {[%clk 1:30:51]} d5 {[%clk 1:30:45]} 2. Nf3 {[%clk 1:31:07]} Bf5
{[%clk 1:30:46]} 3. Bf4 {[%clk 1:30:58]} Nc6 {[%clk 1:30:54]} 4. c3
{[%clk 1:29:58]} Nf6 {[%clk 1:30:34]} 5. e3 {[%clk 1:25:58]} a6 {[%clk 1:30:15]}
6. Bd3 {[%clk 1:25:14]} Bg6 {[%clk 1:29:52]} 7. O-O {[%clk 1:23:02]} e6
{[%clk 1:29:43]} 8. Ne5 {[%clk 1:18:56]} Bd6 {[%clk 1:28:37]} 9. Nxc6
{[%clk 1:17:05]} bxc6 {[%clk 1:28:36]} 10. Bg5 {[%clk 1:13:44]} e5
{[%clk 1:25:24]} 11. Be2 {[%clk 1:07:54]} exd4 {[%clk 1:24:22]} 12. cxd4
{[%clk 1:07:46]} c5 {[%clk 1:23:30]} 13. dxc5 {[%clk 1:02:52]} Bxc5
{[%clk 1:23:35]} 14. Nc3 {[%clk 1:02:56]} O-O {[%clk 1:22:30]} 15. Nxd5
{[%clk 1:02:28]} Be7 {[%clk 1:21:21]} 16. Nxe7+ {[%clk 1:02:05]} Qxe7
{[%clk 1:21:31]} 17. Rc1 {[%clk 0:59:53]} h6 {[%clk 1:19:04]} 18. Bh4
{[%clk 0:58:33]} Rfd8 {[%clk 1:17:44]} 19. Qb3 {[%clk 0:56:32]} Rab8
{[%clk 1:17:08]} 20. Qc3 {[%clk 0:55:38]} Ne4 {[%clk 1:13:43]} 21. Bxe7
{[%clk 0:54:46]} Nxc3 22. bxc3 Rd2 {[%clk 1:11:47]} 23. Bxa6 {[%clk 0:53:32]}
Rxa2 {[%clk 1:11:42]} 24. Ra1 {[%clk 0:53:48]} Rc2 {[%clk 1:11:34]} 25. Rfc1
{[%clk 0:52:21]} Rcb2 {[%clk 1:11:24]} 26. h3 {[%clk 0:49:58]} Rd2
{[%clk 1:05:18]} 27. Rd1 {[%clk 0:49:19]} Rbb2 {[%clk 1:03:48]} 28. Rxd2
{[%clk 0:47:41]} Rxd2 {[%clk 1:03:55]} 29. Ra4 {[%clk 0:45:18]} Rd1+
{[%clk 1:03:28]} 30. Kh2 {[%clk 0:45:44]} Bc2 {[%clk 1:01:08]} 31. Rc4
{[%clk 0:42:17]} Ra1 {[%clk 1:00:26]} 32. Bb7 {[%clk 0:39:03]} Ra7
{[%clk 0:58:01]} 33. Rxc7 {[%clk 0:38:50]} Be4 {[%clk 0:57:33]} 34. Rc8+
{[%clk 0:38:55]} Kh7 {[%clk 0:55:57]} 35. Bxe4+ 1-0

[Event "msr2025c12"]
[Site "?"]
[Date "2025.05.11"]
[Round "1.25"]
[White "Kluska, David"]
[Black "Relovsky, Tomas"]
[Result "1-0"]
[BlackElo "1000"]
[WhiteElo "1514"]
[LiveChessVersion "1.4.8"]

1. e4 {[%clk 1:30:57]} e5 {[%clk 1:30:51]} 2. Nf3 {[%clk 1:31:19]} Nc6
{[%clk 1:31:02]} 3. Bb5 {[%clk 1:31:41]} a6 {[%clk 1:31:19]} 4. Bxc6
{[%clk 1:32:03]} dxc6 {[%clk 1:31:32]} 5. Nc3 {[%clk 1:32:12]} Bd6
{[%clk 1:31:36]} 6. O-O {[%clk 1:31:55]} Bg4 {[%clk 1:31:49]} 7. h3
{[%clk 1:32:06]} Bh5 {[%clk 1:32:07]} 8. d3 {[%clk 1:31:53]} Qe7 {[%clk 1:31:51]}
9. a3 {[%clk 1:32:12]} Nf6 {[%clk 1:31:50]} 10. Bg5 {[%clk 1:32:38]} h6
{[%clk 1:31:57]} 11. Be3 {[%clk 1:32:49]} O-O-O {[%clk 1:31:37]} 12. b4
{[%clk 1:32:02]} c5 {[%clk 1:31:08]} 13. b5 {[%clk 1:29:51]} axb5
{[%clk 1:30:17]} 14. Nxb5 {[%clk 1:29:48]} c4 {[%clk 1:29:57]} 15. a4
{[%clk 1:26:16]} cxd3 {[%clk 1:29:07]} 16. cxd3 {[%clk 1:26:41]} Bb4
{[%clk 1:28:32]} 17. Rb1 {[%clk 1:25:43]} Bxf3 {[%clk 1:27:39]} 18. Qxf3
{[%clk 1:26:03]} Rxd3 {[%clk 1:27:21]} 19. Rfc1 {[%clk 1:19:06]} Rd7
{[%clk 1:25:59]} 20. Nxc7 {[%clk 1:08:29]} Rxc7 {[%clk 1:25:13]} 21. Rxc7+
{[%clk 1:06:38]} Kxc7 {[%clk 1:24:34]} 22. Rc1+ {[%clk 1:02:39]} Kb8
{[%clk 1:23:54]} 23. Rb1 {[%clk 1:00:18]} Bc5 {[%clk 1:23:04]} 24. a5
{[%clk 0:59:52]} Bxe3 {[%clk 1:22:57]} 25. Qxe3 {[%clk 1:00:17]} Ka8
{[%clk 1:22:13]} 26. a6 {[%clk 1:00:24]} bxa6 {[%clk 1:21:32]} 27. Qb6
{[%clk 0:59:45]} Qa7 {[%clk 1:21:39]} 28. Qc6+ {[%clk 0:59:55]} Qb7
{[%clk 1:22:03]} 29. Qxb7# {[%clk 1:00:15]} 1-0

[Event "msr2025c12"]
[Site "?"]
[Date "2025.05.11"]
[Round "1.26"]
[White "Schwandner, Simon"]
[Black "Pituch, David"]
[Result "1/2-1/2"]
[BlackElo "1509"]
[WhiteElo "1000"]
[LiveChessVersion "1.4.8"]

1. d4 {[%clk 1:30:57]} Nf6 {[%clk 1:30:45]} 2. Bf4 {[%clk 1:30:53]} e6
{[%clk 1:30:29]} 3. Nf3 {[%clk 1:30:48]} d5 {[%clk 1:29:51]} 4. e3
{[%clk 1:30:19]} a6 {[%clk 1:29:24]} 5. c3 {[%clk 1:29:35]} Nc6 {[%clk 1:26:42]}
6. Nbd2 {[%clk 1:28:22]} Bd6 {[%clk 1:24:42]} 7. Ne5 {[%clk 1:26:00]} Bd7
{[%clk 1:17:29]} 8. Bd3 {[%clk 1:23:51]} Qe7 {[%clk 1:10:44]} 9. Nxd7
{[%clk 1:16:36]} Qxd7 {[%clk 1:09:23]} 10. Bg3 {[%clk 1:14:00]} h6
{[%clk 1:02:58]} 11. Qf3 {[%clk 1:11:09]} Qe7 {[%clk 0:52:30]} 12. Bh4
{[%clk 1:09:52]} g5 {[%clk 0:49:24]} 13. Bg3 {[%clk 1:08:15]} Bxg3
{[%clk 0:46:05]} 1/2-1/2

[Event "msr2025c12"]
[Site "?"]
[Date "2025.05.11"]
[Round "1.27"]
[White "Vasylchuk, Oleg"]
[Black "Simek, Samuel"]
[Result "1-0"]
[BlackElo "1000"]
[WhiteElo "1504"]
[LiveChessVersion "1.4.8"]

1. e4 {[%clk 1:30:57]} e5 {[%clk 1:30:54]} 2. Nf3 {[%clk 1:31:13]} Nc6
{[%clk 1:30:57]} 3. Bc4 {[%clk 1:31:25]} f5 {[%clk 1:30:58]} 4. d3
{[%clk 1:30:44]} Nf6 {[%clk 1:30:46]} 5. Ng5 {[%clk 1:29:24]} d5 {[%clk 1:30:56]}
6. exd5 {[%clk 1:29:24]} Nxd5 {[%clk 1:31:06]} 7. Qf3 {[%clk 1:29:33]} e4
{[%clk 1:30:13]} 8. dxe4 {[%clk 1:29:45]} h6 {[%clk 1:29:22]} 9. exd5
{[%clk 1:29:39]} Nd4 {[%clk 1:28:34]} 10. Qh5+ {[%clk 1:29:45]} Kd7
{[%clk 1:28:04]} 11. Bd3 {[%clk 1:21:29]} Qe7+ {[%clk 1:27:30]} 12. Kf1
{[%clk 1:20:46]} Qe5 {[%clk 1:26:23]} 13. Qf7+ {[%clk 1:19:39]} Be7
{[%clk 1:24:39]} 14. Ne6 {[%clk 1:19:07]} c6 {[%clk 1:22:54]} 15. Nxd4
{[%clk 1:18:25]} Rf8 {[%clk 1:22:25]} 16. Qe6+ {[%clk 1:18:05]} Qxe6
{[%clk 1:22:44]} 17. dxe6+ {[%clk 1:18:31]} Kc7 {[%clk 1:21:39]} 18. Nxf5
{[%clk 1:18:41]} Bc5 {[%clk 1:21:33]} 19. Be3 {[%clk 1:18:23]} Bxe3
{[%clk 1:21:50]} 20. Nxe3 {[%clk 1:18:47]} Bxe6 {[%clk 1:20:17]} 21. Nc3
{[%clk 1:19:04]} Rf7 {[%clk 1:19:54]} 22. Ke2 {[%clk 1:19:00]} Raf8
{[%clk 1:19:48]} 23. Rhf1 {[%clk 1:19:19]} b5 {[%clk 1:19:13]} 24. a4
{[%clk 1:17:52]} Bc4 {[%clk 1:19:31]} 25. Nxc4 {[%clk 1:18:11]} bxc4
{[%clk 1:19:50]} 26. Bxc4 {[%clk 1:18:30]} Re7+ {[%clk 1:20:06]} 27. Kd2
{[%clk 1:18:51]} Rf4 {[%clk 1:19:54]} 28. Bd3 {[%clk 1:19:10]} Rd4
{[%clk 1:19:31]} 29. Rae1 {[%clk 1:19:24]} Rxe1 {[%clk 1:18:41]} 30. Rxe1
{[%clk 1:19:46]} Kd6 {[%clk 1:18:20]} 31. Re4 {[%clk 1:20:09]} Rxe4
{[%clk 1:17:38]} 32. Nxe4+ {[%clk 1:20:37]} 1-0